| 000 | 01061nam a2200289 i 4500 | ||
|---|---|---|---|
| 001 | 6646 | ||
| 003 | ES-MaACL | ||
| 005 | 20230906145030.0 | ||
| 007 | t| | ||
| 008 | 900208s1984 sp ||||1| spa d | ||
| 020 | _a84-249-0963-1 | ||
| 080 | _a88-83"-03" | ||
| 080 | _a88(Jenofonte 3.03=6) | ||
| 080 | _a321.4(38) | ||
| 100 | 1 |
_aJenofonte. _966312 |
|
| 245 | 1 | 0 |
_aObras menores / _cJenofonte. La republica de los atenienses / pseudo Jenofonte ; introducciones, traducciones y notas de Orlando Guntiñas Tuñon. |
| 260 |
_aMadrid : _bGredos, _c1984. |
||
| 300 |
_a318 p. ; _c20 cm. |
||
| 490 | 1 |
_aBiblioteca clásica Gredos ; _v75 |
|
| 500 | _aIndices. | ||
| 505 | 8 | _aHieon ; Agesilao ; La republica de los lacedemonios ; Los ingresos publicos ; El jefe de la caballeria ; De la equitacion ; De la caza / Jenofonte | |
| 700 | 1 |
_aGuntiñas Tuñón, Orlando. _960968 |
|
| 740 | 3 | _aLa Republica de los atenienses. | |
| 830 | 0 |
_aBiblioteca clásica Gredos ; _v75 _9177556 |
|
| 852 |
_aES-MaACL _jL-13808 _bR.111259 _z. - plast. |
||
| 999 |
_c6646 _d6646 |
||